Helping hand for wind power (Record no. 72803)

MARC details
000 -LEADER
fixed length control field 01404cam a2200229 4500
001 - CONTROL NUMBER
control field ABS66805
008 - FIXED-LENGTH DATA ELEMENTS--GENERAL INFORMATION
fixed length control field 030602n2003 000 0 eng u
035 ## - SYSTEM CONTROL NUMBER
System control number (Sirsi) u122499
100 ## - MAIN ENTRY--PERSONAL NAME
Personal name Beddoe, M.
245 ## - TITLE STATEMENT
Title Helping hand for wind power
260 ## - PUBLICATION, DISTRIBUTION, ETC.
Date of publication, distribution, etc. 2003
490 ## - SERIES STATEMENT
Series statement Planning (for the Natural and Built Environment)
Volume/sequential designation 28 March 2003, 16(1)
520 ## - SUMMARY, ETC.
Summary, etc. Examines the difficulties of planning for renewable energy provision, acknowledged for the first time in the Energy White Paper. Puts forward a number of proposals such as a memorandum of understanding to increase co-operation between developers, local authorities and communities or radically changing the decision-making process. Also suggests partnership-based action plans for renewable energy, an internet-based accredited training programme to provide guidance for planning officers and a relaxation of environmental impact assessment regulations to speed up the planning process for small-scale wind energy developments. Concludes that increased co-operation between stakeholders could help to balance the national need for renewable energy against local environmental impact.
590 ## - LOCAL NOTE (RLIN)
Local note ABS
650 ## - SUBJECT ADDED ENTRY--TOPICAL TERM
Topical term or geographic name entry element WIND POWER
650 ## - SUBJECT ADDED ENTRY--TOPICAL TERM
Topical term or geographic name entry element WIND FARMS
650 ## - SUBJECT ADDED ENTRY--TOPICAL TERM
Topical term or geographic name entry element RENEWABLE ENERGY
650 ## - SUBJECT ADDED ENTRY--TOPICAL TERM
Topical term or geographic name entry element ENVIRONMENTAL IMPACT ASSESSMENTS
650 ## - SUBJECT ADDED ENTRY--TOPICAL TERM
Topical term or geographic name entry element PLANNING SYSTEM
690 ## - LOCAL SUBJECT ADDED ENTRY--TOPICAL TERM (OCLC, RLIN)
Topical term or geographic name as entry element ENVIRONMENTAL AND LAND CONSULTANCY-ENERGY
942 ## - ADDED ENTRY ELEMENTS (KOHA)
Suppress in OPAC 0
Holdings
Withdrawn status Lost status Source of classification or shelving scheme Damaged status Not for loan Home library Current library Shelving location Date acquired Total Checkouts Full call number Barcode Date last seen Copy number Price effective from Koha item type
    Dewey Decimal Classification     London London Journal article 02/06/2003   ABS66805 122499-1001 06/08/2019 1 06/08/2019 Journal article